00569nam a2200181Ia 4500008004100000020001900041041000800060082001500068100001900083245001700102260003400119300001800153365000800171650003000179700001900209999002100228952013800249260330s2019 xx 000 0 und d a978014198347-9 aeng a658.3bGRD aGRAEBER, DAVID aBULLSHT JOBS bPENGUIN BOOKS LTD. PUNEc2019 aXXV/333pgbPB cRs. aHuman Resource Management aGRAEBER, DAVID c1218259d1218259 00104070aAKSbAKSd2026-03-01eBest Book Suppliersg629.10l0o658.3/GRDpAKS-C-04739r2026-03-30 00:00:00v629.10w2026-03-30yBK